| 000 | 01141nam a22002057a 4500 | ||
|---|---|---|---|
| 005 | 20150421111049.0 | ||
| 010 | _aBAC-HN24 | ||
| 020 |
_a9788125037927 _c250.00 |
||
| 035 | _aB-540765-773 | ||
| 037 | _bबुकवैल | ||
| 082 | _a820.9 | ||
| 245 |
_aभाषा साहित्य और संस्कृति/ _cविमलेश कान्ति वर्मा तथा मालती द्वारा संपादित |
||
| 260 |
_aनई दिल्ली _bओरिएंट ब्लैकस्वान प्राइवेट लिमिटेड _c2014 |
||
| 270 |
_bनई दिल्ली _a1/24, आसफ अली रो़ड _e110002 _mdelhi@orientblackswan.com |
||
| 300 |
_a451पृ. _c23 सें.मी(अजिल्द) |
||
| 700 |
_aवर्मा, विमलेश कांति _949538 |
||
| 700 | _aमलतीं | ||
| 942 |
_2ddc _cHN _h820.9 _mभाषासा |
||
| 999 |
_c86399 _d86399 |
||